000 00794aas a2200217 4500
999 _c53703
_d53703
001 768714001
003 CO-MdFUSB
005 20171107120533.0
008 170727s1996 xxu||||| |||| 00| 0 eng d
022 _a0098-9444
040 _aCO-MdFUSB
_bspa
_cCO-MdFUSB
_dCO-MdFUSB
041 _aspa
100 1 _aSilberman, Neil Asher
_eautor
242 0 _aCiudades reales del mundo bíblico
245 0 _aRoyal cities of the biblical world
_c/ Neil Asher Silberman
300 _aVolumen 22. Número 5 (1996), páginas 66-67
_c: 28 cm.
520 1 _aBreve recuento de algunas ciudades antiguas de la biblia ubicando su posición actual
546 _aTexto en inglés
773 0 _tBiblical Archaeology Review
_049395
_959493
_gVolumen 22. Número 5 (1996), páginas 66-67
_qPágina 66
942 _cANA